000 00321nam a2200133Ia 4500
005 20251222144708.0
008 251222s9999||||xx |||||||||||||| ||spa||
020 _a978-84-7841-061-3
082 _a610.73/R93
100 _aRuiz, Xavier
245 0 _aManual de la Enfermería
264 _bEditorial Oceano
942 _cLIB
999 _c17706
_d17706